Responses for show #2286 - Monday, July 11, 1994

1994 Seniors Tournament quarterfinal game 1.

Contestants

Penny Evans, a retired tour guide from Annapolis, Maryland

Diane Dowden, a retired teacher from Orange, California

Joe Clonick, a composer and musician originally from Chicago, Illinois

[next game >>]

Jeopardy! Round responses

ZOOLOGY
REALLY OLD SONGS
FOOTWEAR
THE 20th CENTURY
CHAIRMEN OF THE BOARD
HODGEPODGE
    $100 26
spiders

Diane
    $100 13
"You're a Grand Old Flag"

Penny
    $100 6
Woolworth's

Joe
    $100 8
Disneyland

Joe
    $100 17
Chrysler

Joe
    $100 1
San Francisco

Joe
    $200 27
scales

Joe
    $200 22
Sweet

Joe
    $200 7
Mary Jane

Triple Stumper
    $200 9
Tupperware

Joe
    $200 18
IBM

Joe
    $200 2
Miss Piggy

Joe
    $300 28
amphibians

Penny
    $300 23
Al Jolson

Diane
    $300 14
Gucci

Joe
    $300 10
Prohibition

Joe
    $300 19
(General Douglas) MacArthur

Joe
    $300 3
November

Penny
    $1,000 29
(Penny: What is a snake?)

worm

Penny
    $400 24
"The Sidewalks of New York"

Diane
    $400 15
(Diane: What are Weejies?)
(Alex: No.)
(Diane: [*]?)

Weejuns

DianePenny
    $400 11
(Penny: What is the um, sorry, gone blank?)

Cold War

Penny
Triple Stumper
    $400 20
(Edwin) Land

Joe
    $400 4
Civil War

Penny
    $500 30
(dwarf) antelope

Penny
    $500 25
(Irving) Berlin

Joe
    $500 16
Oxford

Triple Stumper
    $500 12
Margaret Thatcher

Diane
    $500 21
[Applause for Joe's running of the category.]

(Elbert) Gary

Joe
    $500 5
Sweden

Penny

Scores at the first commercial break (after clue 15):

Joe Diane Penny
$1,300 $100 $1,300

Scores at the end of the Jeopardy! Round:

Joe Diane Penny
$3,700 $900 $1,100

Double Jeopardy! Round responses

ANCIENT HISTORY
STATE FLAGS & SYMBOLS
RELIGION
THE OLYMPICS
TITLES
AUTHORS
    $200 6
Tiber

Diane
    $200 12
(Joe: What is the Sun?)

stars

JoePenny
    $200 11
Islam

Penny
    $200 26
bobsled

Joe
    $200 21
colonel

Penny
    $200 1
Chaucer

Penny
    $400 7
Plato

Diane
    $400 13
Oklahoma

Joe
    $400 17
(Diane: Who is Buddha?)

Confucius

DianePenny
    $400 27
(Penny: Uh, what is freestyle swimming?)

synchronized swimming

Penny
Triple Stumper
    $400 22
kaiser

Diane
    $400 2
(Diane: Who is Charlotte Brontë?)

Emily Brontë

JoeDiane
    $600 8
Babylon

Penny
    $600 14
(Joe: What's Delaware?)

Connecticut

JoePenny
    $600 18
Buddhism

Joe
    $600 28
(Dan) Jansen

Diane
    $600 23
(Diane: What is effendi?)
...
(Alex: We've got less than a minute to go.)

bwana

Diane
Triple Stumper
    $600 3
James Joyce

Joe
    $800 9
Etruscans

Diane
    $800 15
(Alex: [*] red & red maple.)

Rhode Island

Triple Stumper
    $800 19
New Guinea

Diane
    $800 29
[The end of the round signals.]

Mexico City

Triple Stumper
    $2,000 24
(Diane: What is earl?)

duke

Diane
    $800 4
Edith Wharton

Joe
    $1000 10
Memphis

Joe
    $2,000 16
(Penn: Uh, what is Virginia?)

Hawaii

Penny
    $1000 20
Spain

Joe
    $1000 25
doge

Joe
    $1000 5
(Gustave) Flaubert

Penny

Scores at the end of the Double Jeopardy! Round:

Joe Diane Penny
$8,900 $700 $2,100
(lock game)

Final Jeopardy! Round responses

WORLD GEOGRAPHY
DianeWhat are Venezuela and Zaire?
$698
PennyWhat are Tanzania and Swaziland?
$2,000
JoeWhat are Zaire & Zambia
$1,100
(2 of) Venezuela, Brazil & Belize

Final scores:

Joe Diane Penny
$7,800 $2 $100
Automatic semifinalist 3rd place: $1,000 if eliminated 2nd place: $1,000 if eliminated

Game dynamics:

Coryat scores:

Joe Diane Penny
$8,900 $2,700 $5,100
24 R,
2 W
10 R,
5 W
(including 1 DD)
15 R,
4 W
(including 2 DDs)

Combined Coryat: $16,700

The J! Archive is created by fans, for fans. The Jeopardy! game show and all elements thereof, including but not limited to copyright and trademark thereto, are the property of Jeopardy Productions, Inc. and are protected under law. This website is not affiliated with, sponsored by, or operated by Jeopardy Productions, Inc. Join the discussion at JBoard.tv.